00736nam a2200241 a 450000100060000000300090000600500170001500600150003200800410004701600300008801700520011802000150017003500210018504000280020608000150023410000310024924500750028026000310035530000270038649000190041365000330043270000290046526323CO-ViMGA20230915223419.0bimo0001953990141112s2004 ck r 000 u spa d abimoBNE20040644521 SpMaBN aV 1964 - 2004 Oficina Depósito Legal Valencia a8481315109 a(OCoLC)432911258 aCO-ViMGAbspacCO-ViMGA a087.5 : 821 aChapa Mingo, Josep 1971 - 10aUna família amb d - - / cJosep Chapa Mingo, Marisa Falcó Couchoud aValencia : bTandem [2004] a[22] p. il. col. 20 cm0 aEl Tricicle 3014aCuentos infantiles catalanes1 aFalcó Couchoud, Marisa